000 01395nam a2200289 a 4500
001 BRCA_2788
005 20190320203953.0
008 081208s1904----sp-a---###---#000-0#spa-u
041 _aspa
044 _asp
084 _a249
_b.H477
_c1904
100 1 _aCervantes Saavedra, Miguel de
_d1547-1616
_9213
245 1 0 _aEl Ingenioso Hidalgo Don Quijote de la Mancha
_ccompuesto por Miguel de Cervantes Saavedra.
260 _aMadrid
_bLibrería de los sucesores de Hernando
_c1904
300 _a512 p.
_bil.
_c19 cm.
500 _aContenido : Primera parte. Prólogo del editor. Texto. Segunda parte. Prólogo del autor. Texto
500 _aEdición : Compendiado para que sirva de libro de lectura en las escuelas, por un apasionado de su autor
500 _aEs un compendio, para que sirva de lectura en las escuelas, hecho desde el punto de vista de la moral eclesiástica, por Fernando de Castro. Semitela; cubiertas decoradas con motivos quijotiles y escolares Lúdovik Osterc
500 _aEstado físico : Cubiertas ligeramente desprendidas
650 1 4 _aNovela española
_yÉpoca clásica, 1500-1700
_9215
650 1 4 _aLiteratura española
_yÉpoca clásica, 1500-1700
_9216
650 1 4 _aNovela española
_ySiglo XVII
_9217
650 1 4 _aDon Quijote (Personaje ficticio)
_eNovela
_9218
740 0 _aEl Ingenioso Hidalgo Don Quijote de la Mancha
902 _aQFM
942 _2lcc
_cB
999 _c2528
_d2528